Normal view
MARC view
- Supervisor Dr. Kunwar Faraz Ahmad Khan
Entry Personal Name
001 - CONTROL NUMBER
- control field: 70140
003 - CONTROL NUMBER IDENTIFIER
- control field: NUST
005 - DATE AND TIME OF LATEST TRANSACTION
- control field: 20210628204401.0
008 - FIXED-LENGTH DATA ELEMENTS
- fixed length control field: 210628|| aca||aabn | a|a d
040 ## - CATALOGING SOURCE
- Original cataloging agency: NUST
- Transcribing agency: NUST
100 ## - HEADING--PERSONAL NAME
- Personal name: Supervisor Dr. Kunwar Faraz Ahmad Khan
670 ## - SOURCE DATA FOUND
- Source citation: Work cat.: (NUST): MOHSIN MANZOOR 15673, TH-SOF-1276-Robot Motion Planning in Dynamic Pedestrian Environment Using POMDP Based Techniques, 2016
